00970 a2200205 45000010006000000050017000060080041000230030015000640400040000790800156001192450035002750200022003102640037003323000019003695050302003880410008006901000023006987000022007217000021007436318520260407155927.0260407a1992 arg spa dAR-UNSa-BCEJYS aAR-UNSa-BCEJYSbspacAR-UNSa-BCEJYS a028.1xMétodos y técnicas de lectura. Conducta con los libros: hojeo, lectura superficial. Curiosear. Tomar notas. Evaluación de temas de lectura10aTécnicas de lectura rápida a978-84-234-1012-5 1aBilbao :bEdiciones Deustoc1992 a207 p.c22 cm. a1. ¿Por qué debo leer deprisa? - 2. El proceso de lectura: buenos y malos hábitos – 3. Como adquirir mayor velocidad – 4. Comprensión: Cómo mejorar su entendimiento – 5. Cómo mejorar la concentración – 6. Cómo desarrollar la memoria – 7. Cómo conjuntar todo lo anterior. aspa1 aFink, Diana Darley1 aTate, John T. Jr.1 aRose, Michael D.